| 000 | 01294nam0a2200325 4500 | ||
|---|---|---|---|
| 001 | RU\NLR\BIBL_A\011493169 | ||
| 005 | 20250626080127.0 | ||
| 035 | _a(NLR Aleph) 011493169 | ||
| 090 |
_a11956121 _c11956121 |
||
| 100 | _a20171010d1932 |||y0rusy50 ca | ||
| 101 | 0 | _arus | |
| 102 | _aRU | ||
| 105 | _aa z 000zy | ||
| 200 | 1 | _aЦифры и факты за 15 лет по автостроению в СССР | |
| 210 |
_aМ.-Л. _cАвиаавтоиздат, типо-лит. им. Воровского [в Мск] _d1932 |
||
| 215 |
_aОбл., 54, [2] c. _cилл. _d22х15 |
||
| 300 | _aПеред загл.: Б.В. Лавровский | ||
| 606 |
_aАвтомобилестроение _yСССР _9888086 _3RU\NLR\AUTH\66413 |
||
| 606 |
_aТракторостроение _yСССР _91818511 _3RU\NLR\AUTH\661113721 |
||
| 606 | 1 |
_aАвтомобильная промышленность _yСССР _91060517 _3RU\NLR\AUTH\6693114 |
|
| 686 | 1 | _aО33 | |
| 686 | 1 | _aО34 | |
| 686 | 1 | _aУ30(2)585.152.731 | |
| 700 | 1 |
_aЛавровский _bБ.В. _gБорис Вячеславович |
|
| 852 |
_aNLR _j32-11/2581 |
||
| 852 |
_aNLR _j62-6/12479 |
||
| 942 | _cBOOK | ||
| 980 | _aNB | ||